000
00268nam a22001337a 4500
008
171020b xxu||||| |||| 00| 0 eng d
020
_a
0911625240
041
_a
eng
080
_a
338
100
_a
54
101
_a
MEN
245
_a
JCL
_c
ECKOLS,S
942
_2
udc
_c
BK
999
_c
35157
_d
35157